| 000 | 00343nam a2200133Ia 4500 | ||
|---|---|---|---|
| 008 | 230312s9999||||xx |||||||||||||| ||und|| | ||
| 082 |
_a658.3 _bCAS-M |
||
| 100 | _aCascio,Wayne F. | ||
| 245 | 0 | _aManaging Human Resources | |
| 300 | _a670 | ||
| 546 | _aEng. | ||
| 650 |
_aManagement _vHuman resource in a globally competitve business |
||
| 942 | _cBK | ||
| 999 |
_c814 _d814 |
||